| 000 | 01408cam a22003255i 4500 | ||
|---|---|---|---|
| 999 |
_c3721 _d3721 |
||
| 003 | EG-ScBUE | ||
| 005 | 20210127122631.0 | ||
| 008 | 081013q1988 ua g 000 f ara d | ||
| 017 | _a88 / 8619 | ||
| 020 | _a977110473X | ||
| 040 |
_aEG-ScBUE _bara _erda _cEG-ScBUE _dEG-ScBUE |
||
| 041 | 1 |
_aara _heng |
|
| 043 | _af-ua--- | ||
| 082 | 0 | 4 |
_a932 _bب ي ك _222 |
| 100 | 1 |
_aبيكي، جيمس، _d1866-1931، _eمؤلف. |
|
| 245 | 1 | 0 |
_aمصر القديمة / _cتأليف جيمس بيكي ؛ ترجمة نجيب محفوظ، الحائز على جائزة الدولة التقديرية وجائزة نوبل العالمية للآداب لعام 1988. |
| 264 | 1 |
_aالقاهرة : _bمكتبة مصر، _c[1988] |
|
| 300 |
_a100 صفحة ؛ _b16 سم. |
||
| 336 |
_aنص _btxt _2rdacontent |
||
| 337 |
_aبدون وسيط _bn _2rdamedia |
||
| 338 |
_aمجلد _bnc _2rdacarrier |
||
| 490 | 0 | _aمطبوعات مكتبة مصر | |
| 546 | _aالنص باللغة العربية ؛ مترجم من اللغة الإنجليزية واللغة المصرية القديمة. | ||
| 650 | 7 |
_aالقدماء المصريين. _2BUEsh |
|
| 651 | 7 |
_aمصر القديمة _xأحوال اجتماعية. _2BUEsh |
|
| 651 | 7 |
_aمصر القديمة _xأحوال سياسية. _2BUEsh |
|
| 653 |
_bARALIT _bGGEN _cJanuary2021 |
||
| 700 | 1 |
_aمحفوظ، نجيب، _d1911-2006، _eمترجم. |
|
| 942 |
_cBB _2ddc |
||